| 000 | 00914nam a2200253 i 4500 | ||
|---|---|---|---|
| 001 | bg | ||
| 100 | 1 | _aFRANCUZ, Władysława Maria | |
| 245 | 1 | 0 |
_aDydaktyka w nowej szkole zawodowej : _bprzewodnik metodyczny dla słuchaczy studiów pedagogicznych w szkołach wyższych / _cWładysława Maria Francuz ; Politechnika Krakowska im. Tadeusza Kościuszki. |
| 250 | _aWyd. 2 zm. i uzup. | ||
| 260 |
_aKraków : _bWydaw. PK, _c2004. |
||
| 300 |
_a148 s. : _bil. ; _c24 cm. |
||
| 504 | _aBibliogr. | ||
| 650 | 9 |
_aSzkolnictwo zawodowe _xnauczanie |
|
| 650 | 9 |
_aSzkolnictwo zawodowe _xreforma _zPolska _yod 1989 r. |
|
| 655 | _aPodręczniki akademickie | ||
| 710 | 0 | _aPolitechnika Krakowska im. Tadeusza Kościuszki | |
| 020 | _a8372422907 | ||
| 040 | _cBPK | ||
| 041 | 0 | _apol | |
| 080 | _a377.014.3(438)"1989/..."(075.8) | ||
| 920 | _a83-7242-290-7 | ||
| 942 | _cKS | ||
| 008 | s pl f |000 0 pol | ||
| 999 |
_c44397 _d44397 |
||
| 856 |
_uhttp://koha.tu.koszalin.pl/cgi-bin/koha/opac-detail.pl?biblionumber=44397 _yKatalog online BPK |
||